John Cena's WrestleMania Opponents - Statistics

General Stats
  • This quiz has been taken 1,574 times
    896 since last reset
  • The average score is 18 of 20
Answer Stats
WrestleMania Opponent % Correct
WrestleMania 34 The Undertaker
96%
WrestleMania 41 Cody Rhodes
95%
WrestleMania XXVII The Rock
95%
WrestleMania 29 The Rock
95%
WrestleMania 22 Triple H
95%
WrestleMania XXIV Triple H
95%
WrestleMania 25 Edge
92%
WrestleMania XXIV Randy Orton
92%
WrestleMania XX Big Show
91%
WrestleMania 25 Big Show
91%
WrestleMania 23 Shawn Michaels
90%
WrestleMania XXVII The Miz
90%
WrestleMania 33* The Miz
90%
WrestleMania XXX Bray Wyatt
89%
WrestleMania 36 "The Fiend" Bray Wyatt
89%
WrestleMania 39 Austin Theory
85%
WrestleMania XXVI Batista
85%
WrestleMania 21 John Bradshaw Layfield
84%
WrestleMania 31 Rusev
76%
WrestleMania 33* Maryse
70%
No matching quizzes found
Score Distribution
Percent of People with Each Score
Percentile by Number Answered
Your Score History
You have not taken this quiz since the last reset